[Event "New England Masters"]
[Site "Pawtucket"]
[Date "2008.08.11"]
[Round "1.1"]
[White "Esserman, Marc"]
[Black "Kritz, Leonid"]
[Result "1/2-1/2"]
[WhiteElo "2295"]
[BlackElo "2610"]
[PlyCount "81"]
[EventDate "2008.08.??"]
[SourceDate "2008.08.11"]

1. e4 d5 2. exd5 Qxd5 3. Nf3 Nf6 4. d4 Bg4 5. Be2 c6 6. c4 Qa5+ 7. Nc3 e6 8.
O-O Be7 9. h3 Bh5 10. a3 Nbd7 11. Be3 O-O 12. b4 Qc7 13. Qb3 Rac8 14. Rac1 Qb8
15. Rfd1 a6 16. a4 Bd6 17. a5 Bf4 18. Bxf4 Qxf4 19. g3 Qb8 20. Na4 Rcd8 21. Qe3
Bxf3 22. Bxf3 Rfe8 23. Bg2 h5 24. f4 Qd6 25. Rb1 Nf8 26. Nc5 Qc7 27. Qe5 Qe7
28. b5 cxb5 29. cxb5 N8d7 30. Qc7 Nxc5 31. Qxe7 Rxe7 32. dxc5 Rxd1+ 33. Rxd1
axb5 34. Rb1 Nd5 35. Rxb5 g6 36. Kf2 Kg7 37. Bxd5 exd5 38. Rb2 d4 39. Rb4 d3
40. Rd4 Re2+ 41. Kf3 1/2-1/2

[Event "New England Masters"]
[Site "Pawtucket"]
[Date "2008.08.11"]
[Round "1.2"]
[White "Gareev, Timur"]
[Black "MacIntyre, Paul"]
[Result "1-0"]
[WhiteElo "2570"]
[BlackElo "2290"]
[PlyCount "89"]
[EventDate "2008.08.??"]
[SourceDate "2008.08.11"]

1. Nf3 Nf6 2. c4 e6 3. Nc3 d5 4. d4 c5 5. Bf4 cxd4 6. Nxd4 Be7 7. Ndb5 Na6 8.
e3 O-O 9. cxd5 exd5 10. Be2 Be6 11. O-O Nc5 12. Rc1 a6 13. Nd4 Qb6 14. Na4 Nxa4
15. Qxa4 Rac8 16. Qb3 Bc5 17. Rxc5 Qxc5 18. Qxb7 Ra8 19. Be5 Qa7 20. Qxa7 Rxa7
21. Bxf6 gxf6 22. Rd1 Rc8 23. Kf1 Kf8 24. Ke1 Rc5 25. Bd3 h6 26. Kd2 Rb7 27.
Rb1 Rb6 28. b4 Rc8 29. a4 Rcb8 30. Kc3 Bd7 31. a5 Rd6 32. Kb3 Rc8 33. h4 Ke7
34. g3 Kd8 35. Kb2 Rb8 36. Kb3 Rc8 37. Kb2 Rb8 38. Kc3 Rc8+ 39. Kd2 Rb8 40. f3
Rb7 41. g4 Kc8 42. h5 Kb8 43. Ke2 Ka7 44. Kf2 Be6 45. b5 1-0

[Event "New England Masters"]
[Site "Pawtucket"]
[Date "2008.08.11"]
[Round "1.3"]
[White "Melekhina, Alisa"]
[Black "Erenburg, Sergey"]
[Result "0-1"]
[WhiteElo "2265"]
[BlackElo "2563"]
[PlyCount "82"]
[EventDate "2008.08.??"]
[SourceDate "2008.08.11"]

1. e4 c6 2. d4 d5 3. exd5 cxd5 4. Bd3 Nc6 5. c3 Qc7 6. Ne2 Bg4 7. Qa4 e6 8. Bf4
Bd6 9. Bxd6 Qxd6 10. Nd2 Nf6 11. h3 Bh5 12. Ng3 Bg6 13. Bxg6 hxg6 14. Nf3 a6
15. a3 O-O 16. O-O b5 17. Qc2 a5 18. Rfc1 Rfc8 19. Qd2 b4 20. axb4 axb4 21.
Rxa8 Rxa8 22. Ne5 Rb8 23. Qe3 Nd7 24. f4 bxc3 25. bxc3 Ne7 26. h4 Nf6 27. Qf3
Nf5 28. Nxf5 gxf5 29. h5 Qc7 30. Qh3 Kh7 31. Rf1 Ne4 32. h6 gxh6 33. Rf3 Rb1+
34. Kh2 Nd2 35. Rf2 Nf1+ 36. Rxf1 Rxf1 37. g4 Rf2+ 38. Kg1 Rc2 39. gxf5 Qb8 40.
Qf1 Qg8+ 41. Kh1 Qg3 0-1

[Event "New England Masters"]
[Site "Pawtucket"]
[Date "2008.08.11"]
[Round "1.4"]
[White "Friedel, Joshua"]
[Black "Thavandiran, Shiyam"]
[Result "1/2-1/2"]
[WhiteElo "2524"]
[BlackElo "2288"]
[PlyCount "58"]
[EventDate "2008.08.??"]
[SourceDate "2008.08.11"]

1. e4 c5 2. Nf3 Nc6 3. Nc3 d6 4. d4 cxd4 5. Nxd4 e5 6. Nf5 Bxf5 7. exf5 Qd7 8.
Bd3 d5 9. O-O O-O-O 10. Qg4 e4 11. Be2 Nf6 12. Qh3 d4 13. Rd1 h6 14. Bf4 Bd6
15. Bxd6 Qxd6 16. Nb5 Qe5 17. a4 Nd5 18. f6+ Kb8 19. fxg7 Nf4 20. Qg4 Rhg8 21.
Bf1 Rxg7 22. Qh4 h5 23. Rxd4 Rc8 24. Rd6 a6 25. Qf6 axb5 26. Rxc6 Nh3+ 27. Kh1
Nxf2+ 28. Kg1 Nh3+ 29. Kh1 Nf2+ 1/2-1/2

[Event "New England Masters"]
[Site "Pawtucket"]
[Date "2008.08.11"]
[Round "1.5"]
[White "Enkin, Max"]
[Black "Arkell, Keith"]
[Result "1/2-1/2"]
[WhiteElo "2262"]
[BlackElo "2506"]
[PlyCount "57"]
[EventDate "2008.08.??"]
[SourceDate "2008.08.11"]

1. e4 c6 2. d4 d5 3. exd5 cxd5 4. c4 Nf6 5. Nc3 g6 6. Qb3 Bg7 7. cxd5 O-O 8.
Be2 Na6 9. Bf3 Qb6 10. Qxb6 axb6 11. Nge2 Bg4 12. Bxg4 Nxg4 13. O-O Nb4 14. Bg5
Nf6 15. Bxf6 Bxf6 16. a3 Na6 17. d6 exd6 18. Nd5 Bd8 19. Rac1 Re8 20. Rfe1 Kf8
21. b4 Kg7 22. Kf1 Rf8 23. b5 Nb8 24. Rc8 Bg5 25. Rxf8 Kxf8 26. Nxb6 Rxa3 27.
Nc4 Rb3 28. Nxd6 Be7 29. Nxb7 1/2-1/2

[Event "New England Masters"]
[Site "Pawtucket"]
[Date "2008.08.11"]
[Round "1.6"]
[White "Sammour-Hasbun, Jorge"]
[Black "Yanayt, Eugene"]
[Result "1-0"]
[WhiteElo "2463"]
[BlackElo "2254"]
[PlyCount "53"]
[EventDate "2008.08.??"]
[SourceDate "2008.08.11"]

1. e4 c5 2. Nf3 d6 3. d4 cxd4 4. Nxd4 Nf6 5. Nc3 a6 6. Bg5 e6 7. f4 Be7 8. Qf3
Qc7 9. O-O-O Nbd7 10. Bd3 b5 11. Rhe1 Bb7 12. Qg3 h6 13. Bxf6 Bxf6 14. Bxb5
axb5 15. Ndxb5 Qc6 16. Rxd6 Qc5 17. e5 Be7 18. Qxg7 Rf8 19. Rd4 Nb6 20. f5 Bg5+
21. Kb1 Nd5 22. Ne4 Qb6 23. Ned6+ Ke7 24. f6+ Kd7 25. Nxf7 Kc6 26. Nfd6 Be3 27.
Rc4+ 1-0

[Event "New England Masters"]
[Site "Pawtucket"]
[Date "2008.08.11"]
[Round "1.7"]
[White "Liu, Elliott"]
[Black "Vovsha, Eli"]
[Result "1/2-1/2"]
[WhiteElo "2250"]
[BlackElo "2461"]
[PlyCount "146"]
[EventDate "2008.08.??"]
[SourceDate "2008.08.11"]

1. e4 c5 2. Nc3 d6 3. Nf3 a6 4. d4 cxd4 5. Nxd4 Nf6 6. Be3 e6 7. a4 Nc6 8. Be2
Be7 9. O-O O-O 10. f4 Qc7 11. Kh1 Re8 12. a5 Nxa5 13. e5 dxe5 14. fxe5 Qxe5 15.
Bf4 Qc5 16. Na4 Qa7 17. Be3 b5 18. Nf5 Qc7 19. Nb6 exf5 20. Nxa8 Qc6 21. Nb6
Bb4 22. Bf3 Qc7 23. Qd4 Nc4 24. Nxc4 Qxc4 25. c3 Bf8 26. Rfe1 Qe6 27. Qb6 Ne4
28. Qxe6 Rxe6 29. Rad1 Be7 30. g3 Bb7 31. Kg1 Bc6 32. Bg2 h5 33. Bh3 g6 34. Bf4
b4 35. Bg2 bxc3 36. Bxe4 Bxe4 37. bxc3 Rb6 38. Rd2 Rb3 39. Be5 Bg5 40. Ra2 Rb6
41. Bd4 Re6 42. Rb2 f6 43. h4 Bh6 44. Rb7 Bf8 45. Ra7 Be7 46. c4 Bb4 47. Ra1
Rd6 48. Bf2 a5 49. c5 Rd2 50. Rc1 Rd8 51. c6 Rc8 52. c7 Bd6 53. Bb6 Kf7 54.
Bxa5 Ke7 55. Kf2 g5 56. Bb6 Kd7 57. Bd4 f4 58. gxf4 Bxf4 59. Rc4 gxh4 60. Bxf6
Bg3+ 61. Ke3 Bc6 62. Bxh4 Rxc7 63. Ra5 Bxh4 64. Rxh4 Kd6 65. Raxh5 Re7+ 66. Kd4
Bd7 67. Ra5 Re6 68. Rh7 Bc6 69. Ra6 Re4+ 70. Kd3 Re6 71. Rha7 Kc5 72. Rc7 Kb5
73. Raxc6 Rxc6 1/2-1/2

[Event "New England Masters"]
[Site "Pawtucket"]
[Date "2008.08.11"]
[Round "1.8"]
[White "Ippolito, Dean"]
[Black "Hansen, Eric"]
[Result "1-0"]
[WhiteElo "2445"]
[BlackElo "2268"]
[PlyCount "49"]
[EventDate "2008.08.??"]
[SourceDate "2008.08.11"]

1. d4 Nf6 2. Nf3 d5 3. c4 e6 4. g3 Be7 5. Bg2 O-O 6. O-O b6 7. Nc3 Bb7 8. Ne5
c6 9. Qa4 Qc8 10. Bg5 h6 11. Bf4 dxc4 12. Qxc4 c5 13. d5 exd5 14. Nxd5 Nxd5 15.
Bxd5 Bxd5 16. Qxd5 Na6 17. Rfd1 Nb4 18. Qe4 Bf6 19. Nd7 Bxb2 20. Nxf8 Bxa1 21.
Bd6 g6 22. Rxa1 Qc6 23. Nd7 Rd8 24. Nf6+ Kg7 25. Qe5 1-0

[Event "New England Masters"]
[Site "Pawtucket"]
[Date "2008.08.11"]
[Round "1.9"]
[White "Zhao, Parker"]
[Black "Stopa, Jacek"]
[Result "0-1"]
[WhiteElo "2242"]
[BlackElo "2440"]
[PlyCount "136"]
[EventDate "2008.08.??"]
[SourceDate "2008.08.11"]

1. e4 d5 2. exd5 Qxd5 3. Nc3 Qd6 4. d4 Nf6 5. Nf3 c6 6. g3 Bf5 7. Bg2 e6 8. O-O
Nbd7 9. a3 Qc7 10. Bf4 Bd6 11. Bxd6 Qxd6 12. Ne2 O-O 13. c4 Rfd8 14. Qb3 Rab8
15. Nc3 b5 16. cxb5 cxb5 17. Qb4 Qb6 18. Rfe1 Bd3 19. Rad1 a5 20. Qb3 Bc4 21.
Qc2 Rbc8 22. Ne5 Nf8 23. Nxc4 bxc4 24. Na4 Qb5 25. Nc5 Rb8 26. Rd2 Nd5 27. Bf1
Nb6 28. Rc1 e5 29. a4 Qc6 30. Bxc4 Nxc4 31. Qxc4 Rb4 32. Qe2 exd4 33. Nd3 Rc4
34. Rdc2 Rxc2 35. Qxc2 Qf3 36. Ne5 Qd5 37. Nc6 Rd7 38. Qe2 Qg5 39. Rd1 Ne6 40.
Qa6 d3 41. Qa8+ Nf8 42. Qxa5 Qg4 43. Qd2 Qxa4 44. Ne5 Rd8 45. Nxd3 Ne6 46. Rc1
Qd4 47. Rc3 Nc5 48. Qf4 Ne4 49. Rc7 Qd5 50. Re7 Ng5 51. Qe3 Kf8 52. Nf4 Qc6 53.
Qa3 Kg8 54. Nd3 Nf3+ 55. Kf1 Nxh2+ 56. Kg1 Nf3+ 57. Kf1 Nd4 58. Kg1 h6 59. Qc5
Qf3 60. Re3 Qd1+ 61. Kg2 Ne6 62. Qf5 Qc2 63. g4 Rxd3 64. Rxe6 fxe6 65. Qxe6+
Kf8 66. Qf5+ Ke7 67. Qe5+ Kd8 68. Qb8+ Kd7 0-1

[Event "New England Masters"]
[Site "Pawtucket"]
[Date "2008.08.11"]
[Round "1.10"]
[White "Sarkar, Justin"]
[Black "Belliard, Luis"]
[Result "1-0"]
[WhiteElo "2416"]
[BlackElo "2226"]
[PlyCount "61"]
[EventDate "2008.08.??"]
[SourceDate "2008.08.11"]

1. d4 d5 2. c4 e6 3. Nc3 Nf6 4. cxd5 exd5 5. Bg5 Be7 6. e3 c6 7. Bd3 O-O 8. Qc2
Nbd7 9. Nge2 Re8 10. O-O-O Nf8 11. h3 Be6 12. g4 Qa5 13. Kb1 Ne4 14. Bxe7 Nxc3+
15. Nxc3 Rxe7 16. g5 Rc8 17. f4 Rce8 18. Rde1 c5 19. f5 cxd4 20. exd4 Bd7 21.
Rxe7 Rxe7 22. f6 Re3 23. fxg7 Kxg7 24. h4 Rg3 25. Qe2 Kg8 26. Qe5 Rxd3 27. Nxd5
Qxd5 28. Qxd5 Bc6 29. Qf5 Rxd4 30. Re1 Rxh4 31. Re7 1-0

[Event "New England Masters"]
[Site "Pawtucket"]
[Date "2008.08.11"]
[Round "1.11"]
[White "Kaminski, Victor"]
[Black "Hungaski, Robert"]
[Result "1-0"]
[WhiteElo "2212"]
[BlackElo "2407"]
[PlyCount "85"]
[EventDate "2008.08.??"]
[SourceDate "2008.08.11"]

1. d4 d5 2. Nf3 Nf6 3. Bf4 c5 4. c3 Nc6 5. e3 Qb6 6. Qc1 Bf5 7. Nbd2 e6 8. Nh4
Bg4 9. h3 Bh5 10. g4 Bg6 11. Nxg6 hxg6 12. Bg2 Rc8 13. Qb1 Qa6 14. dxc5 b6 15.
cxb6 axb6 16. Qd1 Be7 17. Qe2 Qa7 18. O-O O-O 19. Rfc1 Rfd8 20. Bf1 e5 21. Bg3
Qc7 22. Bg2 Qd7 23. Qb5 Qe6 24. Rd1 g5 25. Nb3 Na7 26. Qa6 Rd7 27. e4 Nxe4 28.
Bxe4 dxe4 29. Rxd7 Qxd7 30. Qxb6 Nc6 31. Qe3 Qd5 32. Re1 Ra8 33. Nc1 Rb8 34. b4
Rc8 35. Nb3 Nd8 36. Qxe4 Qxe4 37. Rxe4 Rxc3 38. Bxe5 Rc2 39. a4 Ra2 40. b5 Ra3
41. Na5 Ne6 42. b6 Nc5 43. b7 1-0

[Event "New England Masters"]
[Site "Pawtucket"]
[Date "2008.08.11"]
[Round "1.12"]
[White "Vigorito, David"]
[Black "Masse, Hugues"]
[Result "1-0"]
[WhiteElo "2382"]
[BlackElo "2196"]
[PlyCount "61"]
[EventDate "2008.08.??"]
[SourceDate "2008.08.11"]

1. d4 Nf6 2. c4 g6 3. Nc3 d5 4. Bf4 Bg7 5. Nf3 O-O 6. Rc1 dxc4 7. e4 Bg4 8.
Bxc4 Bxf3 9. gxf3 Nh5 10. Be3 e5 11. dxe5 Bxe5 12. Qxd8 Rxd8 13. Ne2 c6 14. f4
Bg7 15. e5 Bh6 16. O-O Nd7 17. Rfd1 Kf8 18. Kg2 Ke8 19. Kf3 Ng7 20. Ng3 Ke7 21.
h4 Ne6 22. h5 Bg7 23. Ke2 Nb6 24. Bb3 Nd5 25. Bxd5 cxd5 26. f5 gxf5 27. Nxf5+
Kf8 28. f4 f6 29. Nxg7 Kxg7 30. f5 Nf8 31. e6 1-0

[Event "New England Masters"]
[Site "Pawtucket"]
[Date "2008.08.11"]
[Round "1.13"]
[White "Reverby, Miro"]
[Black "Kleiman, Jake"]
[Result "0-1"]
[WhiteElo "2190"]
[BlackElo "2353"]
[PlyCount "78"]
[EventDate "2008.08.??"]
[SourceDate "2008.08.11"]

1. e4 c5 2. Nf3 e6 3. d4 cxd4 4. Nxd4 a6 5. Nc3 Qc7 6. Bd3 Bd6 7. Be3 Nf6 8. h3
Nc6 9. O-O O-O 10. a4 Bf4 11. Bxf4 Qxf4 12. Nde2 Qc7 13. f4 d6 14. Qe1 Nb4 15.
Qg3 e5 16. fxe5 Qc5+ 17. Kh1 Qxe5 18. Qh4 Be6 19. Rf3 Rac8 20. Raf1 Rc5 21. Ng3
Qg5 22. Qxg5 Rxg5 23. Nf5 Nd7 24. Nd4 Rc5 25. Nxe6 fxe6 26. Rxf8+ Nxf8 27. Rf2
Nd7 28. Rd2 Kf7 29. Kg1 Ke7 30. Be2 Ne5 31. Kf2 g5 32. g3 Rc8 33. Ke3 h5 34.
Bd3 Nbxd3 35. cxd3 Rf8 36. Ne2 Rf3+ 37. Kd4 h4 38. gxh4 gxh4 39. Ng1 Rf1 0-1

[Event "New England Masters"]
[Site "Pawtucket"]
[Date "2008.08.11"]
[Round "1.14"]
[White "Shmelov, Denys"]
[Black "Rosenberg, Evan"]
[Result "1/2-1/2"]
[WhiteElo "2349"]
[BlackElo "2182"]
[PlyCount "84"]
[EventDate "2008.08.??"]
[SourceDate "2008.08.11"]

1. d4 d5 2. c4 c6 3. Nc3 Nf6 4. Nf3 a6 5. e3 b5 6. b3 Bg4 7. Be2 e6 8. O-O Nbd7
9. Bb2 Bd6 10. h3 Bh5 11. Ne5 Bxe2 12. Nxe2 Qc7 13. cxd5 cxd5 14. Rc1 Qb8 15.
Nxd7 Nxd7 16. e4 dxe4 17. d5 O-O 18. dxe6 Nc5 19. Nf4 Ra7 20. Qd4 fxe6 21. Rxc5
Bxc5 22. Qxc5 Rf5 23. Qe3 Rxf4 24. Be5 Qxe5 25. Qxa7 Qd6 26. Qe3 h6 27. g3 Rf3
28. Qxe4 Rd3 29. Re1 Rd1 30. Qa8+ Kh7 31. Rxd1 Qxd1+ 32. Kg2 Qd6 33. h4 h5 34.
Qe4+ g6 35. Qb7+ Kg8 36. a4 bxa4 37. bxa4 Kf8 38. Qh7 Qc6+ 39. Kg1 Qc1+ 40. Kh2
Qd2 41. Qa7 a5 42. Qc5+ Kf7 1/2-1/2

[Event "New England Masters"]
[Site "Pawtucket"]
[Date "2008.08.11"]
[Round "1.15"]
[White "Haessel, Dale"]
[Black "Schuyler, James"]
[Result "0-1"]
[WhiteElo "2149"]
[BlackElo "2346"]
[PlyCount "90"]
[EventDate "2008.08.??"]
[SourceDate "2008.08.11"]

1. d4 Nc6 2. Nf3 d6 3. d5 Ne5 4. e4 Nf6 5. Nxe5 dxe5 6. Bb5+ Bd7 7. Qd3 a6 8.
Bxd7+ Qxd7 9. Nc3 e6 10. Bg5 Bb4 11. O-O-O O-O-O 12. f3 Qe7 13. Qc4 h6 14. Bxf6
gxf6 15. g4 Qc5 16. Qxc5 Bxc5 17. Rd3 h5 18. h3 Rh7 19. Rf1 Rdh8 20. Nd1 Bd6
21. c4 Be7 22. Kc2 hxg4 23. hxg4 Rh2+ 24. Rd2 Bc5 25. Nc3 Bd4 26. Rfd1 Be3 27.
Re2 R8h3 28. Rxh2 Rxh2+ 29. Kb3 Rf2 30. Rd3 Bd4 31. a4 Kd7 32. a5 Kd6 33. Na4
Ke7 34. Ka3 Rc2 35. Kb3 Rf2 36. Ka3 f5 37. gxf5 exf5 38. Rb3 fxe4 39. fxe4 f5
40. Rxb7 fxe4 41. Rxc7+ Ke8 42. c5 e3 43. d6 e2 44. Nb6 e1=Q 45. d7+ Ke7 0-1

[Event "New England Masters"]
[Site "Pawtucket"]
[Date "2008.08.11"]
[Round "1.16"]
[White "Battaglini, Gabriel"]
[Black "Meredith, Matthew"]
[Result "1-0"]
[WhiteElo "2341"]
[BlackElo "2044"]
[PlyCount "77"]
[EventDate "2008.08.??"]
[SourceDate "2008.08.11"]

1. d4 Nf6 2. c4 g6 3. Nc3 Bg7 4. e4 O-O 5. f3 d6 6. Be3 c5 7. dxc5 dxc5 8. Qxd8
Rxd8 9. Bxc5 Nc6 10. Nd5 Nd7 11. Nxe7+ Nxe7 12. Bxe7 Bxb2 13. Rb1 Bc3+ 14. Kf2
Bd4+ 15. Ke1 Re8 16. Bb4 f5 17. Ne2 Bc5 18. exf5 gxf5 19. Bxc5 Nxc5 20. Kf2
Nd3+ 21. Kg3 Kh8 22. h4 Rg8+ 23. Kh2 f4 24. Nc3 Bf5 25. Rb5 Bg6 26. h5 Nf2 27.
hxg6 Rxg6 28. Kg1 Nxh1 29. Kxh1 Re8 30. Ne4 Ra6 31. Rxb7 Rd8 32. Nc3 Ra3 33.
Rb3 Rxb3 34. axb3 Rb8 35. Nb5 a6 36. Nd4 Kg7 37. c5 Kf6 38. Bxa6 Ke5 39. Nc6+
1-0

[Event "New England Masters"]
[Site "Pawtucket"]
[Date "2008.08.11"]
[Round "1.17"]
[White "Jiang, Louie"]
[Black "Galofre, Charles"]
[Result "1-0"]
[WhiteElo "2135"]
[BlackElo "2320"]
[PlyCount "71"]
[EventDate "2008.08.??"]
[SourceDate "2008.08.11"]

1. e4 e5 2. Nf3 Nc6 3. Bb5 Nf6 4. O-O Nxe4 5. d4 Nd6 6. Bxc6 dxc6 7. dxe5 Nf5
8. Qxd8+ Kxd8 9. Rd1+ Ke8 10. Nc3 Bd7 11. h3 h5 12. Bg5 Bb4 13. Ne4 b6 14. Rd3
Be6 15. Rad1 Be7 16. b3 a5 17. Bxe7 Kxe7 18. Nfg5 Rhd8 19. Nxe6 Rxd3 20. Rxd3
fxe6 21. Ng3 Nxg3 22. Rxg3 Kf7 23. Rd3 Ke7 24. Rg3 Kf7 25. f4 h4 26. Rc3 c5 27.
Kf2 Ke7 28. Kf3 a4 29. Kg4 axb3 30. axb3 Rd8 31. Kxh4 Rd2 32. g4 Rd4 33. Kg5
Kd7 34. Rc4 Kc6 35. f5 Rd5 36. Re4 1-0

[Event "New England Masters"]
[Site "Pawtucket"]
[Date "2008.08.11"]
[Round "1.18"]
[White "Castaneda, Nelson"]
[Black "Kazmaier, Daniel"]
[Result "1-0"]
[WhiteElo "2314"]
[BlackElo "2134"]
[PlyCount "75"]
[EventDate "2008.08.??"]
[SourceDate "2008.08.11"]

1. e4 e6 2. d4 d5 3. e5 c5 4. c3 Nc6 5. Nf3 Nh6 6. Bxh6 gxh6 7. Be2 Bg7 8. O-O
Qb6 9. Qd2 Bd7 10. Na3 O-O 11. Nc2 Rac8 12. Ne3 cxd4 13. cxd4 Qa5 14. Qxa5 Nxa5
15. Rac1 b5 16. Ng4 Nc4 17. b3 Na3 18. Nf6+ Bxf6 19. exf6 b4 20. Ba6 Rc3 21.
Rxc3 bxc3 22. Rc1 c2 23. Kf1 Rb8 24. Ke1 Bb5 25. Bxb5 Rxb5 26. Kd2 e5 27. dxe5
Rc5 28. Kd3 d4 29. Kxd4 Rc8 30. Ne1 Kf8 31. Kd3 Ke8 32. Nxc2 Kd7 33. Kd2 Nb5
34. Ne3 Rd8 35. Ke2 Ke6 36. Rc6+ Kd7 37. Ra6 Nd4+ 38. Kd3 1-0

[Event "New England Masters"]
[Site "Pawtucket"]
[Date "2008.08.12"]
[Round "2.1"]
[White "Schuyler, James"]
[Black "Gareev, Timur"]
[Result "0-1"]
[WhiteElo "2346"]
[BlackElo "2570"]
[PlyCount "66"]
[EventDate "2008.08.??"]
[SourceDate "2008.08.11"]

1. d4 g6 2. Bf4 Bg7 3. e3 d6 4. Nf3 Nd7 5. h3 Ngf6 6. Be2 O-O 7. O-O b6 8. a4
a5 9. Nbd2 Bb7 10. c3 e6 11. Qc2 Qe7 12. Bh2 Nh5 13. b4 f5 14. bxa5 Rxa5 15.
Nb3 Ra7 16. a5 Be4 17. Qb2 f4 18. Nfd2 Ba8 19. exf4 Nxf4 20. Bxf4 Rxf4 21. axb6
Rxa1 22. Rxa1 Nxb6 23. Nc4 Bxg2 24. Kxg2 Qg5+ 25. Kf1 Qd5 26. Kg1 Nxc4 27. Bxc4
Qxc4 28. Re1 e5 29. Nd2 Qd5 30. Qb8+ Rf8 31. Qxc7 exd4 32. Nc4 Qg5+ 33. Kf1 Qf5
0-1

[Event "New England Masters"]
[Site "Pawtucket"]
[Date "2008.08.12"]
[Round "2.2"]
[White "Erenburg, Sergey"]
[Black "Battaglini, Gabriel"]
[Result "1/2-1/2"]
[WhiteElo "2563"]
[BlackElo "2341"]
[PlyCount "57"]
[EventDate "2008.08.??"]
[SourceDate "2008.08.11"]

1. e4 c6 2. d4 d5 3. e5 c5 4. dxc5 e6 5. Be3 Nh6 6. c3 Qc7 7. Nf3 Bxc5 8. Bxc5
Qxc5 9. Bd3 Nc6 10. O-O O-O 11. Nbd2 f6 12. exf6 gxf6 13. Nb3 Qe7 14. c4 dxc4
15. Bxc4 Kh8 16. Qd2 Nf5 17. Rad1 e5 18. Rfe1 Rd8 19. Qc2 Nd6 20. Bd5 Nb4 21.
Qc3 Nb5 22. Qc4 Nxd5 23. Rxd5 Rxd5 24. Qxd5 Nc7 25. Qe4 Be6 26. Rc1 Nd5 27. g3
Rd8 28. Rd1 Nb6 29. Rxd8+ 1/2-1/2

[Event "New England Masters"]
[Site "Pawtucket"]
[Date "2008.08.12"]
[Round "2.3"]
[White "Castaneda, Nelson"]
[Black "Sammour-Hasbun, Jorge"]
[Result "0-1"]
[WhiteElo "2314"]
[BlackElo "2463"]
[PlyCount "58"]
[EventDate "2008.08.??"]
[SourceDate "2008.08.11"]

1. e4 c5 2. Nf3 d6 3. d4 cxd4 4. Nxd4 Nf6 5. Nc3 a6 6. Be3 e6 7. Be2 Nc6 8. Qd2
Be7 9. O-O-O O-O 10. f4 Qc7 11. g4 b5 12. g5 Nd7 13. Bd3 b4 14. Nce2 Rb8 15.
Rhg1 Bb7 16. f5 Nc5 17. Kb1 Nxd4 18. Bxd4 Nxe4 19. Bxe4 Bxe4 20. f6 Rfc8 21.
Rc1 e5 22. Be3 Bf8 23. Ng3 Bg6 24. h4 b3 25. axb3 Rxb3 26. Ka2 Rb5 27. Rg2 Ra5+
28. Kb1 Rb8 29. Rcg1 Rxb2+ 0-1

[Event "New England Masters"]
[Site "Pawtucket"]
[Date "2008.08.12"]
[Round "2.4"]
[White "Panjwani, Raja"]
[Black "Ippolito, Dean"]
[Result "1-0"]
[WhiteElo "2310"]
[BlackElo "2445"]
[PlyCount "97"]
[EventDate "2008.08.??"]
[SourceDate "2008.08.11"]

1. e4 e5 2. Nf3 Nf6 3. d4 Nxe4 4. Bd3 d5 5. Nxe5 Nd7 6. Nc3 Nxe5 7. dxe5 Nxc3
8. bxc3 Be7 9. Qh5 Qd7 10. Rb1 g6 11. Qh6 Bf8 12. Qh4 Be7 13. Bg5 Bxg5 14. Qxg5
O-O 15. O-O c5 16. Rfd1 Qe6 17. c4 dxc4 18. Be4 Rb8 19. Rd6 Qg4 20. Qe3 b6 21.
h3 Qh4 22. Rbd1 Bb7 23. Bxb7 Rxb7 24. f4 Re7 25. Kh2 Rfe8 26. g3 Qh5 27. g4 Qh4
28. g5 h6 29. Rg1 hxg5 30. Rxg5 Re6 31. Rd7 R8e7 32. Rd2 Re8 33. Rdg2 Qh8 34.
Qg3 Kf8 35. Rf2 R6e7 36. Kg2 Rd8 37. h4 c3 38. h5 gxh5 39. Qxc3 Rd4 40. Qh3 h4
41. Rg4 Re6 42. Rxh4 Qg7+ 43. Kh2 Rg6 44. Rh7 Rd8 45. Qh4 Re8 46. Rh8+ Qxh8 47.
Qxh8+ Rg8 48. Qh6+ Ke7 49. Qd6# 1-0

[Event "New England Masters"]
[Site "Pawtucket"]
[Date "2008.08.12"]
[Round "2.5"]
[White "Stopa, Jacek"]
[Black "Bournival, Braden"]
[Result "1-0"]
[WhiteElo "2440"]
[BlackElo "2303"]
[PlyCount "77"]
[EventDate "2008.08.??"]
[SourceDate "2008.08.11"]

1. e4 c6 2. Nf3 d5 3. exd5 cxd5 4. Ne5 Nf6 5. d4 Nc6 6. c3 g6 7. Bd3 Bg7 8. f4
O-O 9. Qc2 Ne8 10. O-O Nd6 11. Qb3 f6 12. Qxd5+ e6 13. Nxc6 exd5 14. Nxd8 Rxd8
15. Re1 Bf5 16. Bxf5 gxf5 17. Nd2 Kf7 18. Nf1 Ne4 19. a4 Bf8 20. Ne3 Ke6 21. g3
b6 22. Kg2 a6 23. Nc2 Bd6 24. Kf3 Rdc8 25. Bd2 Rab8 26. Re2 Rb7 27. Be1 Rd7 28.
Ne3 Bf8 29. Rc1 Rdd8 30. b3 b5 31. axb5 axb5 32. Ra2 Ra8 33. Rca1 Rxa2 34. Rxa2
Rc8 35. Ra6+ Bd6 36. c4 bxc4 37. bxc4 dxc4 38. d5+ Kd7 39. Nxf5 1-0

[Event "New England Masters"]
[Site "Pawtucket"]
[Date "2008.08.12"]
[Round "2.6"]
[White "Puntier, William"]
[Black "Sarkar, Justin"]
[Result "0-1"]
[WhiteElo "2298"]
[BlackElo "2416"]
[PlyCount "70"]
[EventDate "2008.08.??"]
[SourceDate "2008.08.11"]

1. e4 c5 2. a3 g6 3. b4 Bg7 4. Nc3 d6 5. Rb1 Nc6 6. g3 Nf6 7. Bg2 O-O 8. Nge2
Rb8 9. O-O Ne8 10. d3 Nc7 11. Be3 Nd4 12. Qd2 Bg4 13. f3 Bd7 14. Kh1 b6 15.
Rbe1 Bc6 16. Nb1 d5 17. Nxd4 cxd4 18. Bh6 dxe4 19. dxe4 e5 20. Bxg7 Kxg7 21.
Rd1 Qe7 22. c4 Bd7 23. Nc3 dxc3 24. Qxd7 Qxd7 25. Rxd7 Rfd8 26. Bh3 Rxd7 27.
Bxd7 Rd8 28. Ba4 Ne6 29. Rc1 Rd3 30. Kg2 Nd4 31. c5 bxc5 32. bxc5 c2 33. c6
Rxa3 34. c7 Rc3 35. f4 Rxc7 0-1

[Event "New England Masters"]
[Site "Pawtucket"]
[Date "2008.08.12"]
[Round "2.7"]
[White "Kaminski, Victor"]
[Black "Vigorito, David"]
[Result "1/2-1/2"]
[WhiteElo "2212"]
[BlackElo "2382"]
[PlyCount "53"]
[EventDate "2008.08.??"]
[SourceDate "2008.08.11"]

1. c4 g6 2. g3 Bg7 3. Bg2 c5 4. Nc3 Nc6 5. e3 Bxc3 6. bxc3 b6 7. d3 Bb7 8. e4
d6 9. h4 h6 10. Ne2 Qd7 11. Nf4 e6 12. Bh3 Qe7 13. Qe2 Kd8 14. Ng2 Kc7 15. Ne3
Re8 16. f4 Kb8 17. h5 g5 18. O-O Nf6 19. Qf3 Nd7 20. Kh2 Na5 21. Qf2 Ref8 22.
Bd2 Rhg8 23. Ng4 f6 24. Ne3 Qf7 25. Qe2 Re8 26. f5 e5 27. Bg4 1/2-1/2

[Event "New England Masters"]
[Site "Pawtucket"]
[Date "2008.08.12"]
[Round "2.8"]
[White "Kleiman, Jake"]
[Black "Jiang, Louie"]
[Result "1/2-1/2"]
[WhiteElo "2353"]
[BlackElo "2135"]
[PlyCount "97"]
[EventDate "2008.08.??"]
[SourceDate "2008.08.11"]

1. e4 c5 2. c3 d5 3. exd5 Qxd5 4. d4 Nf6 5. Nf3 Nc6 6. dxc5 Qxc5 7. Na3 Ng4 8.
Qe2 a6 9. b3 Nge5 10. Be3 Nxf3+ 11. Qxf3 Qf5 12. Qe2 Be6 13. f4 Qe4 14. Qd3 Bd5
15. Qxe4 Bxe4 16. Nc4 O-O-O 17. Bb6 Rd5 18. Nd2 Bd3 19. Bxd3 Rxd3 20. O-O-O g6
21. Ne4 Rxd1+ 22. Rxd1 Bh6 23. g3 Nb8 24. Nc5 g5 25. fxg5 Bxg5+ 26. Kc2 Bf6 27.
g4 Be5 28. Rf1 f6 29. Rd1 Bd6 30. Ne4 Bc7 31. Bxc7 Kxc7 32. Rd5 Nd7 33. Rh5 Ne5
34. Nc5 h6 35. Nd3 Nf7 36. Nf4 Rg8 37. b4 Kd7 38. Rd5+ Kc6 39. Rc5+ Kd6 40.
Rd5+ Kc6 41. c4 Rg5 42. Kc3 Nd6 43. Rxg5 hxg5 44. Nd5 Kd7 45. Kd3 Ne8 46. Nc3
Nc7 47. Ke4 e6 48. Kd4 b6 49. a3 1/2-1/2

[Event "New England Masters"]
[Site "Pawtucket"]
[Date "2008.08.12"]
[Round "2.9"]
[White "Kritz, Leonid"]
[Black "Enkin, Max"]
[Result "1-0"]
[WhiteElo "2610"]
[BlackElo "2262"]
[PlyCount "79"]
[EventDate "2008.08.??"]
[SourceDate "2008.08.11"]

1. e4 c5 2. Nf3 d6 3. d4 cxd4 4. Nxd4 Nf6 5. Nc3 e6 6. g4 h6 7. h3 Nc6 8. Bg2
a6 9. Be3 Ne5 10. f4 Nc4 11. Bc1 Qc7 12. Qe2 Bd7 13. b3 Na3 14. Bb2 d5 15. e5
Bb4 16. O-O-O Nh7 17. Rd3 Nb5 18. Ndxb5 axb5 19. Rhd1 Bc6 20. f5 O-O 21. f6 d4
22. Nb1 Bxg2 23. a3 Bc5 24. fxg7 Rfd8 25. Qxg2 Qxe5 26. b4 Bb6 27. Nd2 Qxg7 28.
Qxb7 Rab8 29. Qc6 Qg5 30. Qf3 Nf6 31. Rf1 Kg7 32. Kb1 Rd7 33. Qg3 Bc7 34. Qf2
Be5 35. Nf3 Ne4 36. Qg1 Qf4 37. Nxe5 Qxe5 38. Rxd4 Rxd4 39. Bxd4 Nc3+ 40. Ka1
1-0